00803cam a2200205 a 450000100100000000500170001000800410002704000250006808200200009310000380011324500530015125000110020426000300021530000210024549000590026665000680032583000660039395201230045999900150058200000630620200929153918.0750127s1972 sp 001 0 spa  aDO-SdBNPbspacBNPHU axxbS165l, 19721 aSalinas, Pedro,d1892-1951.9796610aLiteratura española siglo XX /cPedro Salinas. a2a ed. aMadrid :bAlianza,c1972. a223 p. ;c18 cm.1 aEl Libro de Bolsillo ;6Sección: Literaturavno. 239 0aSpanish literaturey20th centuryxHistory and criticism.917596 0aEl Libro de Bolsillo ;pSección: Literaturavno. 239917597 001052708MOaGRbGRcCTd2009-08-27iLF1l0oxx S165l, 1972p6306-10r2020-06-25w2020-06-25y2ZPréstamo interno c6101d6101